MARC

LEADER 00000nam0a2200000 4500
001 177891
005 20231101223353.0
035 |a (RuTPU)RU\TPU\book\192868 
090 |a 177891 
100 |a 20100329d1975 m y0rusy50 ca 
101 0 |a rus 
102 |a RU 
105 |a ace z 001zb 
200 1 |a Музей Д. И. Менделеева  |e путеводитель  |f Ленинградский государственный университет (ЛГУ) ; сост. Л. С. Керова, Н. А. Минаева 
210 |a Ленинград  |c Изд-во Ленинградского ун-та  |d 1975 
215 |a 39 с., [12] вкл. л.  |c ил. 
300 |a Резюме на англ. яз. 
320 |a Основная литература о Д. И. Менделееве: с. 38 
320 |a Основные даты жизни и деятельности Д. И. Менделеева: с. 34-37. 
600 1 |a Менделеев  |g Дмитрий Иванович  |b Д. И.  |c учёный-энциклопедист, химик, педагог  |f 1834-1907  |c член-корреспондент Петербургской АН  |2 stltpush  |3 (RuTPU)RU\TPU\pers\1367 
606 1 |a Химики  |x Персоналии  |2 stltpush  |3 (RuTPU)RU\TPU\subj\69968  |9 84576 
610 1 |a музеи 
610 1 |a русские ученые 
610 1 |a периодический закон Менделеева 
675 |a 54(092)  |v 3 
702 1 |a Керова  |b Л. С.  |g Людмила Сергеевна  |4 220 
702 1 |a Минаева  |b Н. А.  |g Надежда Андреевна  |4 220 
712 0 2 |a Ленинградский государственный университет (ЛГУ)  |c (1924-1991)  |2 stltpush  |3 (RuTPU)RU\TPU\col\77 
801 1 |a RU  |b 63413507  |c 20100329 
801 2 |a RU  |b 63413507  |c 20180111  |g RCR 
942 |c BK